{"text_format":"1","workbook":"xlsx","n_sheets":10,"sheets":["1ª MEDIÇÃO","2ª MEDIÇÃO","3ª MEDIÇÃO","4ª MEDIÇÃO","5ª MEDIÇÃO","6ª MEDIÇÃO","7ª MEDIÇÃO","8ª MEDIÇÃO","9ª MEDIÇÃO","PLANILHA SINTÉTICA"],"not_rendered":{"charts":0,"images":2,"macros":1,"external_links":12,"defined_names":1440,"comments":0,"pivot_tables":0},"unopened":[],"bounds":{"document_bytes":16777216,"sheet_cells":100000,"rows_first":2000,"rows_last":500,"rows_between":2000,"halvings":0,"cell_chars":16384,"cell_head_chars":4096},"cells_cut":0,"cells_raw":0,"read":"whole","date_system":"1900"}

{"sheet":"1ª MEDIÇÃO","index":0,"n_rows":4,"n_cols":10,"rows_kept":4,"cut":false,"hidden":true,"merged":[[0,0,0,8],[1,0,1,8],[2,0,2,8]]}
["TRIBUNAL DE JUSTIÇA DE PERNAMBUCO"]
[{"$f":"#REF!","v":{"$error":"#REF!"}}]
["MEMÓRIA DE CALCULO - 1ª MEDIÇÃO"]
["ITEM","DESCRIÇÃO","QUANT.","LARG.","COMP.","ALT.","TAXA","TOTAL","UNID","MEMORIAL FOTOGRÁFICO"]

{"sheet":"2ª MEDIÇÃO","index":1,"n_rows":4,"n_cols":10,"rows_kept":4,"cut":false,"hidden":true,"merged":[[0,0,0,8],[1,0,1,8],[2,0,2,8]]}
["TRIBUNAL DE JUSTIÇA DE PERNAMBUCO"]
[{"$f":"#REF!","v":{"$error":"#REF!"}}]
["MEMÓRIA DE CALCULO - 2ª MEDIÇÃO"]
["ITEM","DESCRIÇÃO","QUANT.","LARG.","COMP.","ALT.","TAXA","TOTAL","UNID","MEMORIAL FOTOGRÁFICO"]

{"sheet":"3ª MEDIÇÃO","index":2,"n_rows":4,"n_cols":10,"rows_kept":4,"cut":false,"hidden":true,"merged":[[0,0,0,8],[1,0,1,8],[2,0,2,8]]}
["TRIBUNAL DE JUSTIÇA DE PERNAMBUCO"]
[{"$f":"#REF!","v":{"$error":"#REF!"}}]
["MEMÓRIA DE CALCULO - 3ª MEDIÇÃO"]
["ITEM","DESCRIÇÃO","QUANT.","LARG.","COMP.","ALT.","TAXA","TOTAL","UNID","MEMORIAL FOTOGRÁFICO"]

{"sheet":"4ª MEDIÇÃO","index":3,"n_rows":4,"n_cols":10,"rows_kept":4,"cut":false,"hidden":true,"merged":[[0,0,0,8],[1,0,1,8],[2,0,2,8]]}
["TRIBUNAL DE JUSTIÇA DE PERNAMBUCO"]
[{"$f":"#REF!","v":{"$error":"#REF!"}}]
["MEMÓRIA DE CALCULO - 4ª MEDIÇÃO"]
["ITEM","DESCRIÇÃO","QUANT.","LARG.","COMP.","ALT.","TAXA","TOTAL","UNID","MEMORIAL FOTOGRÁFICO"]

{"sheet":"5ª MEDIÇÃO","index":4,"n_rows":4,"n_cols":10,"rows_kept":4,"cut":false,"hidden":true,"merged":[[0,0,0,8],[1,0,1,8],[2,0,2,8]]}
["TRIBUNAL DE JUSTIÇA DE PERNAMBUCO"]
[{"$f":"#REF!","v":{"$error":"#REF!"}}]
["MEMÓRIA DE CALCULO - 5ª MEDIÇÃO"]
["ITEM","DESCRIÇÃO","QUANT.","LARG.","COMP.","ALT.","TAXA","TOTAL","UNID","MEMORIAL FOTOGRÁFICO"]

{"sheet":"6ª MEDIÇÃO","index":5,"n_rows":4,"n_cols":10,"rows_kept":4,"cut":false,"hidden":true,"merged":[[0,0,0,8],[1,0,1,8],[2,0,2,8]]}
["TRIBUNAL DE JUSTIÇA DE PERNAMBUCO"]
[{"$f":"#REF!","v":{"$error":"#REF!"}}]
["MEMÓRIA DE CALCULO - 6ª MEDIÇÃO"]
["ITEM","DESCRIÇÃO","QUANT.","LARG.","COMP.","ALT.","TAXA","TOTAL","UNID","MEMORIAL FOTOGRÁFICO"]

{"sheet":"7ª MEDIÇÃO","index":6,"n_rows":4,"n_cols":10,"rows_kept":4,"cut":false,"hidden":true,"merged":[[0,0,0,8],[1,0,1,8],[2,0,2,8]]}
["TRIBUNAL DE JUSTIÇA DE PERNAMBUCO"]
[{"$f":"#REF!","v":{"$error":"#REF!"}}]
["MEMÓRIA DE CALCULO - 7ª MEDIÇÃO"]
["ITEM","DESCRIÇÃO","QUANT.","LARG.","COMP.","ALT.","TAXA","TOTAL","UNID","MEMORIAL FOTOGRÁFICO"]

{"sheet":"8ª MEDIÇÃO","index":7,"n_rows":4,"n_cols":10,"rows_kept":4,"cut":false,"hidden":true,"merged":[[0,0,0,8],[1,0,1,8],[2,0,2,8]]}
["TRIBUNAL DE JUSTIÇA DE PERNAMBUCO"]
[{"$f":"#REF!","v":{"$error":"#REF!"}}]
["MEMÓRIA DE CALCULO - 8ª MEDIÇÃO"]
["ITEM","DESCRIÇÃO","QUANT.","LARG.","COMP.","ALT.","TAXA","TOTAL","UNID","MEMORIAL FOTOGRÁFICO"]

{"sheet":"9ª MEDIÇÃO","index":8,"n_rows":4,"n_cols":10,"rows_kept":4,"cut":false,"hidden":true,"merged":[[0,0,0,8],[1,0,1,8],[2,0,2,8]]}
["TRIBUNAL DE JUSTIÇA DE PERNAMBUCO"]
[{"$f":"#REF!","v":{"$error":"#REF!"}}]
["MEMÓRIA DE CALCULO - 9ª MEDIÇÃO"]
["ITEM","DESCRIÇÃO","QUANT.","LARG.","COMP.","ALT.","TAXA","TOTAL","UNID","MEMORIAL FOTOGRÁFICO"]

{"sheet":"PLANILHA SINTÉTICA","index":9,"n_rows":70,"n_cols":7,"rows_kept":70,"cut":false,"hidden":false,"merged":[[6,5,6,6],[0,7,0,8],[1,7,1,8],[2,7,2,8],[0,0,0,3],[0,5,0,6],[1,0,2,3],[1,5,1,6],[2,5,2,6],[69,0,69,5],[3,7,3,8],[4,7,4,8],[7,5,7,6],[7,4,8,4],[7,0,8,0],[7,2,8,2],[7,3,8,3],[7,1,8,1],[5,7,5,8],[6,7,6,8],[3,0,4,3],[3,5,3,6],[4,5,4,6],[5,0,6,3],[5,5,5,6]]}
["PODER JUDICIÁRIO",null,null,null,"Obra:","Serviços de sistema de prevenção e combate a incêndio do Fórum de Paulista."]
["TRIBUNAL DE JUSTIÇA DE PERNAMBUCO",null,null,null,"Local:","Av. Mal. Floriano Peixoto s / nº, Centro - Paulista - PE, CEP 53.401-440"]
[null,null,null,null,"Contrato:","146/2022 -TJPE"]
["DIRETORIA DE ENGENHARIA E ARQUITETURA",null,null,null,"Situação:","Encerrada"]
[null,null,null,null,"Contratada:","R&M ENGENHARIA LTDA."]
["QUANTITATIVOS E PREÇOS CONTRATADOS",null,null,null,"Valor Total:",{"$f":"G70","v":207800.03999999992}]
[null,null,null,null,"DATA:","2022-11-07"]
["ITEM","Cód. Efisco","DESCRIÇÃO","UN","QUANT. TOTAL","TOTAL"]
[null,null,null,null,null,"P. UNIT","P. TOTAL"]
["1.0",null,"SERVIÇOS TÉCNICOS/ART'S"]
["1.1","226370-0","ART Execução de Obra","un",1,292.30803000000003,{"$f":"ROUND(E11*F11,2)","v":292.31}]
["2.0",null,"ADMINISTRAÇÃO DA OBRA/MOBILIZAÇÃO DA OBRA",null,null,null,0]
["2.1","401010-8","Administração local pelo período da Obra.","un/mês",2,12250.499039499999,24501]
["2.2","570104-0","Mobilização da obra (pessoal, máquinas e equipamentos).","un",1,1640.5856150000002,1640.59]
["3.0",null,"CANTEIRO DE OBRA/ALUGUEL DE MÁQUINAS E EQUIPAMENTOS",null,null,null,0]
["3.1","295382-0","Placa de obra em lona plástica  impressão digital alta resolução com acabamento em ilhós, fixação em abraçadeiras de nylon, estrutura em ferro galvanizado.","m²",4,499.03587241999998,1996.14]
["3.2","478789-7","Locação de Conteiner para uso de escritório medido 2,3x6,0m, alt=2,5m, com 1 sanitário, sem divisórias internas e sem mobiliário ","un/mês",2,1037.085,2074.17]
["3.3","475654 - 1","Locação de Conteiner para sanitário  medido 2,3 x4,3m, alt=2,5m, c/ 5 bacias, 1 lavatório e 4 mictórios ","un/mês",2,1296.35625,2592.71]
["3.4","570351-4","Frete para entrega ou retirada de container para obra em paulista em Guindauto Munck, modelo Argos 20.5 com capacidade para 6,0 ton a 4,0 m de raio. ","un",4,1999.2,7996.8]
["3.5","428787-8","Ligação provisória de luz e força para obra. (container)","un",1,1368.3802851200001,1368.38]
["3.6","451443-2","Ligações provisórias de água e sanitário. (container)","un",1,929.33118800000011,929.33]
["3.7","461831-9","Locação de  andaime metálico tubular tipo torre incluindo plataforma metálica, guarda corpo metálico, escada, inclusive montagem. ","mxmês",8,41.203522024999998,329.63]
["4.0",null,"SERVIÇOS DIVERSOS",null,null,null,0]
["4.1","243599-3","Retirada de pavimentação em paralelepípedo ou pedra tosca, para posterior aproveitamento.","m²",10,14.577314000000001,145.77000000000001]
["4.2","442112-4","Escavação manual de vala com profundidade menor ou igual a 1,30 M. ","m³",35,96.228577000000001,3368]
["4.3","510536-6","Reaterro manual apiloado com soquete. ","m³",35,58.345443000000003,2042.09]
["4.4","395342-4","Reaproveitamento de pavimento em paralelepípedos graníticos e assentamento sobre mistura de cimento e areia no traço 1:6 com 6 cm de espessura e rejuntado com argamassa de cimento e areia no traço 1:2.","m²",10,57.332092000000003,573.32000000000005]
["5.0",null,"SISTEMA DE INCÊNDIO",null,null,null,0]
["5.1",null,"EXTINTOR DE INCÊNDIO",null,null,null,0]
["5.1.1","431415 - 8","Extintor de incêndio portátil com carga de PQS de 4 kg, classe bc - fornecimento e instalação. ","un",1,206.95015975199999,206.95]
["5.1.2","88023 - 0","Extintor de incêndio portátil com carga de PQS de 6 KG, Classe BC - Fornecimento e instalação. ","un",7,227.84650375200002,1594.93]
["5.1.3","276736 - 8","Extintor de incêndio portátil com carga de CO2 de 6 KG, Classe BC - Fornecimento e instalação. ","un",1,750.25510375200008,750.26]
["5.1.4","276731 - 7","Extintor de incêndio portátil com carga de água pressurizada de 10 L, Classe A - Fornecimento e instalação. ","un",2,316.44273775200003,632.89]
["5.1.5","506610 - 7","Fornecimento e instalação de placa de sinalização certificada indicativa de extintor, em PVC 2mm, medindo 20X20cm. ","un",11,57.393077390000002,631.32000000000005]
["5.1.6","524191-0","Demarcação com tinta acrílica para pisos, faixas de 10cm de largura (sinalização de piso dos equipamentos de combate a incêndio).","m",44,32.337863040000002,1422.87]
["5.2",null,"SISTEMA DE SINALIZAÇÃO DE EMERGÊNCIA",null,null,null,0]
["5.2.1","555845 - 0","Fornecimento e instalação de placa de sinalização de segurança contra incêndio, fotoluminescente, retangular, *13 x 26* cm, em pvc *2* mm anti-chamas (símbolos, cores e pictogramas conforme NBR 13434), conforme projeto.","un",28,29.578669389999998,828.2]
["5.2.2","534930-3","Fornecimento e instalação de luminária autônoma indicador de seta de emergência de sobrepor p/aclaramento ou balizamento mod. LAU 2x11 c/2 lâmpadas 11w e bateria selada.","un",29,653.91608400000007,18963.57]
["5.3",null,"SISTEMA DE HIDRANTE OU MANGOTINHO",null,null,null,0]
["5.3.1","554526 - 9","Abrigo para hidrante, 90x60x17cm, com registro globo angular 45 graus 2 1/2\", adaptador storz 2 1/2\", 02 mangueiras de incêndio 20m, redução 2 1/2\" x 1 1/2\" e esguicho em latão 1 1/2\" - fornecimento e instalação.","un",6,1660.3204299400002,9961.92]
["5.3.2","443468-4","Fornecimento de indicador visual sonoro, fab. Apollo ou equivalente.               ","un",7,242.35515000000001,1696.49]
["5.3.3","535524 - 9","Fornecimento de acionador manual endereçável, fab. Apollo ou equivalente            ","un",7,102.80290599999999,719.62]
["5.3.4","570362 - 0","Tubo de aço galvanizado com costura, classe média, DN 65 (2 1/2\"), conexão rosqueada, instalado em prumadas - Fornecimento e instalação. ","m",179,154.68913665599999,27689.360000000001]
["5.3.5","481950-0 ","Conjunto moto-bomba (centrífuga, p=3cv), shneider, dancor ou equivalente, inclusive acessórios, fixação e instalação.","un",1,2981.285832,2981.29]
["5.3.6","520646-4","Válvula de retenção horizontal, de bronze, roscável, 2 1/2\" - fornecimento e instalação. ","un",2,627.65852132700002,1255.32]
["5.3.7","489016-7","Registro de gaveta bruto, latão, roscável, 2 1/2\u0094, instalado em reservação de água de edificação que possua reservatório de fibra/fibrocimento - fornecimento e instalação. ","un",3,365.42832846200008,1096.28]
["5.3.8","401325-5","Registro de gaveta bruto, latão, roscável, 3\u0094, fornecimento e instalação. ","un",1,443.43834246100005,443.44]
["5.3.9","464469-7","Hidrante subterrâneo predial (com curva longa e caixa), dn 75 mm - fornecimento e instalação.","un",1,4057.9749010000005,4057.97]
["5.4",null,"SISTEMA DE DETECÇÃO E DE ALARME DE INCÊNDIO",null,null,null,0]
["5.4.1","513513-3","Eletroduto rígido roscável, PVC, DN 32 MM (1\"), Para circuitos terminais, instalado em forro  - fornecimento e instalação. ","m",427,19.595207616,8367.15]
["5.4.2","262274-2","Fornecimento de detector de fumaça endereçável com base, fab. Apollo ou equivalente.                    ","un",83,128.98525599999999,10705.78]
["5.4.3","415725-7","Fornecimento de detector térmico endereçável com base, fab. Apollo ou equivalente                ","un",1,128.98525599999999,128.99]
["5.4.4","464778-5","Fornecimento e instalação de cabo para sinal e detecção de incêndio  em par trançado mais dreno shieldado acabamento em PVC Prysmian, Lipperfil ou equivalente CTR FLEX BL FT COBRE 2 x 1,5mm2 500V preto NBR 7289.","m",427,13.592683000000001,5804.08]
["5.4.5","424724-8","Central eletrônica inteligente de detecção e alarme de incêndio, de 24Vcc, com capacidade para 6 laços do sistema de detecção e módulos de expansão das chaves de fluxo, compatível com os pontos de detecção e acionadores endereçáveis do projeto, inclusive as placas de laço, de fabricação Apolo ou equivalente, inclusive instalação e treinamento. ","un",1,2350.6587680000002,2350.66]
["6.0",null,"INSTALAÇÕES ELÉTRICAS",null,null,null,0]
["6.1","439201-9","Quadro de comando para bomba de  3CV. Fornecimento e instalação.","un",1,2098.8590710000003,2098.86]
["7.0",null,"SPDA",null,null,null,0]
["7.1",null,"CONDUTORES",null,null,null,0]
["7.1.1","508397-4","Cordoalha em cabo de cobre nu, têmpera meio-duro, encordoamento classe 2, seção nominal de 35,0mm², não enterrada, fixada com presilha de latão para cabo de 35mm², inclusive parafuso em aço inox fenda DN 4,2x32mm, bucha nylon DN 6mm e vedação dos furos com selante poliuretano, marca de ref. Termotécnica ou equivalente. Fornecimento e instalação.","m",667,48.079428000000007,32068.98]
["7.1.2","535540-0","Cordoalha de cobre nu 50 mm², não enterrada, com isolador - fornecimento e instalação. ","m",238,61.154631000000009,14554.8]
["8.0",null,"ATERRAMENTO",null,null,null,0]
["8.1","570368-9","Captor tipo Franklin para SPDA - fornecimento e instalação.","cj",1,180.74518084799999,180.75]
["8.2","398109-6","Haste de aterramento (tipo copperweld) de  5/8\" x 3,0 m. Fornecimento e instalação","un",12,115.89113866650001,1390.69]
["8.3","443224-0","Caixa de Inspeção Suspensa em Polipropileno, com tampa, anti-UV e anti-chama -TEL 541, Termotécnica ou equivalente. Fornecimento e instalação.","un",12,105.51478971150001,1266.18]
["8.4","523550-2","Terminal aéreo de captação de 300mm, inclusive acessórios de fixação","m",12,39.379635,472.56]
["9.0",null,"LIMPEZA FINAL",null,null,null,0]
["9.1","431654-1","Limpeza Geral da Obra ","m²",554.1,3.5860790000000002,1987.05]
["10.0",null,"DESMOBILIZAÇÃO DA OBRA",null,null,null,0]
["10.1","515666-1","Desmobilização da obra (pessoal, máquinas e equipamentos).","un",1,1640.585615,1640.59]
["TOTAL DA OBRA:",null,null,null,null,null,{"$f":"SUM(G11:G69)","v":207800.03999999992}]